| LDR | | 00000nam c2200205 c 4500 |
| 001 | | 000000281876 |
| 005 | | 20200414122243 |
| 007 | | ta |
| 008 | | 200413s2020 ggka 000a kor |
| 020 | |
▼a 9788930416580
▼g 93510 :
▼c \45000 |
| 040 | |
▼a 248032
▼c 248032
▼d 248032 |
| 049 | 0 |
▼l EM103077
▼l EM103078
▼c 2 |
| 056 | |
▼a 512.8
▼2 4 |
| 090 | |
▼a 512.8
▼b 신38개 |
| 245 | 00 |
▼a 간호관리학 /
▼d 신미자,
▼e 김성진,
▼e 김지미,
▼e 김현경,
▼e 남정자,
▼e 이종율
▼e 전민경,
▼e 황혜영 공저 |
| 250 | |
▼a [초판] |
| 260 | |
▼a 파주 :
▼b 수문사,
▼c 2020 |
| 300 | |
▼a 720 p. :
▼b 삽화 ;
▼c 27 cm |
| 653 | |
▼a 간호관리학
▼a 간호
▼a 간호관리
▼a 간호적용 |
| 700 | 1 |
▼a 신미자,
▼e 저 |
| 700 | 1 |
▼a 김성진,
▼e 공저 |
| 700 | 1 |
▼a 김지미,
▼e 공저 |
| 700 | 1 |
▼a 김현경,
▼e 공저 |
| 700 | 1 |
▼a 남정자,
▼e 공저 |
| 700 | 1 |
▼a 이종율,
▼e 공저 |
| 700 | 1 |
▼a 전민경,
▼e 공저 |
| 700 | 1 |
▼a 황혜영,
▼e 공저 |
| 950 | 0 |
▼b \45000 |
| 990 | |
▼a 관리자3
▼b 관리자3 |